00150 a2200073 450000100060000010000110000624500290001726000300004627338 aAli, B aMuslim social philosophy abJ.F. Publicationsc1971